La vie de Mikhaïl Gorbatchev - Statistiques

Statistiques générales
  • Ce quiz a été pris 30 fois
    14 depuis la dernière actualisation
  • Le résultat moyen est 9 sur 19
Statistiques - réponses
Question Réponse % Correct
Quel prix très prestigieux a-t-il reçu en 1990 ? Le Prix Nobel de la Paix
92%
En quelle année accède-t-il au poste de Secrétaire général du Parti communiste ? 1985
83%
Quel pays les troupes soviétiques ont-elles quitté après près de 10 ans de guerre ? L'Afghanistan
83%
Quelle dirigeante étrangère de l'ouest a-t-il rencontrée pour sa première entrée sur la scène diplomatique internationale ? Margaret Thatcher
83%
En 1990 il mène des réformes constitutionnelles impopulaires qui mèneront à l'éclatement de l'Union. Qui devient ensuite le premier gagnant de l'élection présidentielle de la République socialiste fédérative de Russie ? Boris Eltsine
67%
Quel mot russe signifiant "Reconstruction" désigne un ensemble de réformes socio-économiques à l'origine de bouleversements dans la société soviétique ? La Perestroïka
67%
Quel jour de l'année 1991 démissionne-t-il de son poste de président de l'URSS ? (indice : pas une si joyeuse fête pour lui !) Le 25 décembre
67%
Qui est le président des États-Unis à cette époque ? Ronald Reagan
67%
Quelle malformation vasculaire porte-t-il sur le front depuis sa naissance ? Un angiome plan
67%
Quel mouvement politique de libération de l'expression et de l'information a été conduit à partir de 1986 ? La Glasnost
50%
De quel genre de produits de consommation la première mesure adoptée sous Gorbatchev en URSS consistait à engager un bannissement ? L'alcool (Prohibition)
42%
Comment s'appelait son épouse ? Raïssa Titarenko
42%
Au nouvel an 1986 les présidents des États-Unis et de L'Union soviétique ont chacun envoyé un message diffusé dans la nation de l'autre. Par quel moyen ce message a-t-il été diffusé ? Par la télévision
33%
Gorbatchev est décédé à l'été 2022. Qui est le seul chef d'état étranger assistant à ses obsèques ? Viktor Orbán
33%
À l'été 1991 survient le putsch de Moscou. Gorbatchev est alors enfermé dans sa résidence d'été à Foros. Dans quelle péninsule se situe Foros ? En Crimée
25%
Dans quel domaine s'est-il spécialisé durant ses études après avoir fait du droit ? L'agriculture
25%
De quelle prestigieuse instance du parti communiste d'URSS fut-il élu secrétaire en 1978 Le Comité central
8%
Quelle ONG fonde-t-il en 1993 pour défendre l'environnement ? Green Cross International
0%
Dans quel Kraï actuel se situe sa ville de naissance (Privolnoïe)? Stavropol
0%
Aucun quiz correspondant
Distribution des résultats
% des personnes avec chaque résultat
Percentile par nombre de réponses
Votre historique - résultats
Vous n’avez pas pris ce quiz depuis la dernière actualisation